<?xml version="1.0" encoding="UTF-8"?><?xml-stylesheet type="text/xsl" href="static/style.xsl"?><OAI-PMH xmlns="http://www.openarchives.org/OAI/2.0/" xmlns:xsi="http://www.w3.org/2001/XMLSchema-instance" xsi:schemaLocation="http://www.openarchives.org/OAI/2.0/ http://www.openarchives.org/OAI/2.0/OAI-PMH.xsd"><responseDate>2026-04-17T12:07:05Z</responseDate><request verb="GetRecord" identifier="oai:riubu.ubu.es:10259/3799" metadataPrefix="marc">https://riubu.ubu.es/oai/request</request><GetRecord><record><header><identifier>oai:riubu.ubu.es:10259/3799</identifier><datestamp>2021-11-10T09:38:24Z</datestamp><setSpec>com_10259_3593</setSpec><setSpec>com_10259_5086</setSpec><setSpec>com_10259_2604</setSpec><setSpec>col_10259_3594</setSpec></header><metadata><record xmlns="http://www.loc.gov/MARC21/slim" xmlns:doc="http://www.lyncode.com/xoai" xmlns:xsi="http://www.w3.org/2001/XMLSchema-instance" xmlns:dcterms="http://purl.org/dc/terms/" xsi:schemaLocation="http://www.loc.gov/MARC21/slim http://www.loc.gov/standards/marcxml/schema/MARC21slim.xsd">
<leader>00925njm 22002777a 4500</leader>
<datafield tag="042" ind1=" " ind2=" ">
<subfield code="a">dc</subfield>
</datafield>
<datafield tag="720" ind1=" " ind2=" ">
<subfield code="a">Álvarez Manuel, Estela</subfield>
<subfield code="e">author</subfield>
</datafield>
<datafield tag="720" ind1=" " ind2=" ">
<subfield code="a">Miguel, Delia</subfield>
<subfield code="e">author</subfield>
</datafield>
<datafield tag="720" ind1=" " ind2=" ">
<subfield code="a">García García, Patricia</subfield>
<subfield code="e">author</subfield>
</datafield>
<datafield tag="720" ind1=" " ind2=" ">
<subfield code="a">Fernández Rodríguez, Manuel A.</subfield>
<subfield code="e">author</subfield>
</datafield>
<datafield tag="720" ind1=" " ind2=" ">
<subfield code="a">Rodríguez, Félix</subfield>
<subfield code="e">author</subfield>
</datafield>
<datafield tag="720" ind1=" " ind2=" ">
<subfield code="a">Sanz Díez, Roberto</subfield>
<subfield code="e">author</subfield>
</datafield>
<datafield tag="260" ind1=" " ind2=" ">
<subfield code="c">2011-06</subfield>
</datafield>
<datafield tag="520" ind1=" " ind2=" ">
<subfield code="a">The selectivity of our previously described gold-catalyzed tandem reaction, 1,2-indole migration followed by aura-iso-Nazarov cyclization, of 3-propargylindoles bearing (hetero)aromatic substituents at both the propargylic and terminal positions, was reversed by the proper choice of the catalyst and the reaction conditions. Thus, 3-(inden-2-yl)indoles, derived from an aura-Nazarov cyclization (instead of an aura-iso-Nazarov cyclization), were obtained in moderate to good yields from a variety of 3-propargylindoles</subfield>
</datafield>
<datafield tag="024" ind2=" " ind1="8">
<subfield code="a">1860-5397</subfield>
</datafield>
<datafield tag="024" ind2=" " ind1="8">
<subfield code="a">http://hdl.handle.net/10259/3799</subfield>
</datafield>
<datafield tag="024" ind2=" " ind1="8">
<subfield code="a">10.3762/bjoc.7.89</subfield>
</datafield>
<datafield ind1=" " ind2=" " tag="653">
<subfield code="a">catalysis</subfield>
</datafield>
<datafield ind1=" " ind2=" " tag="653">
<subfield code="a">gold</subfield>
</datafield>
<datafield ind1=" " ind2=" " tag="653">
<subfield code="a">indoles</subfield>
</datafield>
<datafield ind1=" " ind2=" " tag="653">
<subfield code="a">Nazarov cyclizations</subfield>
</datafield>
<datafield ind1=" " ind2=" " tag="653">
<subfield code="a">selectivity</subfield>
</datafield>
<datafield tag="245" ind1="0" ind2="0">
<subfield code="a">Solvent- and ligand-induced switch of selectivity in gold(I)-catalyzed tandem reactions of 3-propargylindoles</subfield>
</datafield>
</record></metadata></record></GetRecord></OAI-PMH>